ايام لاتنسى: (رقم التسجيلة. 111820)

تفاصيل مارك
000 -LEADER
fixed length control field 00838nam a2200241 a 4500
003 - CONTROL NUMBER IDENTIFIER
control field EG-GiCUC
008 - FIXED-LENGTH DATA ELEMENTS--GENERAL INFORMATION
fixed length control field 090609s1982 mk f 000 0 ara d
040 ## - CATALOGING SOURCE
Original cataloging agency EG-GiCUC
Language of cataloging ara
Transcribing agency EG-GiCUC
043 ## - GEOGRAPHIC AREA CODE
Geographic area code a*jo***
-- a*is***
-- ma*****
050 #4 - LIBRARY OF CONGRESS CALL NUMBER
Classification number DS126.99.J6
Item number M87 1982
092 04 - LOCALLY ASSIGNED DEWEY CALL NUMBER (OCLC)
Classification number 956.804
Item number M9851
Edition number 21
099 ## - LOCAL FREE-TEXT CALL NUMBER (OCLC)
Classification number 04
-- 956.804 M9851
100 1# - MAIN ENTRY--PERSONAL NAME
Personal name موسى : سليمان
245 10 - TITLE STATEMENT
Title ايام لاتنسى:
Remainder of title الاردن فى حرب 1948/
Statement of responsibility, etc. تأليف سليمان موسى
250 ## - EDITION STATEMENT
Edition statement ط1
260 ## - PUBLICATION, DISTRIBUTION, ETC.
Place of publication, distribution, etc. عمان:الاردن:
Name of publisher, distributor, etc. المؤلف:
Date of publication, distribution, etc. 1982
300 ## - PHYSICAL DESCRIPTION
Extent 573ص؛
Other physical details 24سم
650 #7 - SUBJECT ADDED ENTRY--TOPICAL TERM
Topical term or geographic name entry element النزاع العربى الاسرائيلى
Geographic subdivision الاردن
Source of heading or term qrmak
651 #7 - SUBJECT ADDED ENTRY--GEOGRAPHIC NAME
Geographic name الاردن
General subdivision تاريخ
Chronological subdivision العصر الحديث
General subdivision المملكة
Chronological subdivision (1948)
Source of heading or term qrmak
902 ## - LOCAL DATA ELEMENT B, LDB (RLIN)
No. of Items 1
905 ## - LOCAL DATA ELEMENT E, LDE (RLIN)
Cataloger عبير
Reviser مدخل
942 ## - ADDED ENTRY ELEMENTS (KOHA)
Source of classification or shelving scheme Dewey Decimal Classification
Koha item type Books
المقتنيات
Source of classification or shelving scheme Not for loan Home library Current library Date acquired Full call number Barcode Date last seen Copy number Koha item type
Dewey Decimal Classification   المكتبة المركزبة الجديدة - جامعة القاهرة قاعة الانسانيات - الدور الثاني 11.02.2024 956.804 M9851 01000100082240000 23.09.2023 C.1 Books
Cairo University Libraries Portal Implemented & Customized by: Eng. M. Mohamady Contacts: new-lib@cl.cu.edu.eg | cnul@cl.cu.edu.eg
CUCL logo CNUL logo
© All rights reserved — Cairo University Libraries
CUCL logo
Implemented & Customized by: Eng. M. Mohamady Contact: new-lib@cl.cu.edu.eg © All rights reserved — New Central Library
CNUL logo
Implemented & Customized by: Eng. M. Mohamady Contact: cnul@cl.cu.edu.eg © All rights reserved — Cairo National University Library